<?xml version="1.0" encoding="UTF-8"?>
<record
    xmlns:xsi="http://www.w3.org/2001/XMLSchema-instance"
    xsi:schemaLocation="http://www.loc.gov/MARC21/slim http://www.loc.gov/standards/marcxml/schema/MARC21slim.xsd"
    xmlns="http://www.loc.gov/MARC21/slim">

  <leader>01263ctm a22002771aa4500</leader>
  <controlfield tag="003">SA-RiAUC</controlfield>
  <controlfield tag="005">20250208071958.0</controlfield>
  <controlfield tag="007">co ug ---uuauu&#xA0;&#xA0;&#xA0;&#xA0;&#xA0;&#xA0;&#xA0;&#xA0;&#xA0;</controlfield>
  <controlfield tag="008">250205s1994    su     fsbm   00000 ara c</controlfield>
  <datafield tag="040" ind1=" " ind2=" ">
    <subfield code="a">SA-JeALM</subfield>
    <subfield code="b">ara</subfield>
    <subfield code="c">SA-RiAUC</subfield>
    <subfield code="e">rda</subfield>
  </datafield>
  <datafield tag="043" ind1=" " ind2=" ">
    <subfield code="a">f-mu---</subfield>
  </datafield>
  <datafield tag="082" ind1="0" ind2="4">
    <subfield code="a">217.09</subfield>
    <subfield code="q">SA-RiAUC</subfield>
  </datafield>
  <datafield tag="090" ind1=" " ind2=" ">
    <subfield code="a">217.09</subfield>
    <subfield code="b">&#x62C; &#x643; &#x646;</subfield>
  </datafield>
  <datafield tag="100" ind1="1" ind2=" ">
    <subfield code="a">&#x627;&#x644;&#x62C;&#x643;&#x646;&#x64A;&#x60C; &#x627;&#x644;&#x637;&#x64A;&#x628; &#x628;&#x646; &#x639;&#x645;&#x631; &#x628;&#x646; &#x627;&#x644;&#x62D;&#x633;&#x64A;&#x646;</subfield>
  </datafield>
  <datafield tag="245" ind1="1" ind2="2">
    <subfield code="a">&#x627;&#x644;&#x633;&#x644;&#x641;&#x64A;&#x629; &#x648;&#x623;&#x639;&#x644;&#x627;&#x645;&#x647;&#x627; &#x641;&#x64A; &#x645;&#x648;&#x631;&#x64A;&#x62A;&#x627;&#x646;&#x64A;&#x627; ( &#x634;&#x646;&#x642;&#x64A;&#x637; )</subfield>
    <subfield code="c">&#x625;&#x639;&#x62F;&#x627;&#x62F; &#x627;&#x644;&#x637;&#x64A;&#x628; &#x628;&#x646; &#x639;&#x645;&#x631; &#x628;&#x646; &#x627;&#x644;&#x62D;&#x633;&#x64A;&#x646; &#x627;&#x644;&#x62C;&#x643;&#x646;&#x64A;.</subfield>
  </datafield>
  <datafield tag="250" ind1=" " ind2=" ">
    <subfield code="a">&#x627;&#x644;&#x637;&#x628;&#x639;&#x629; &#x627;&#x644;&#x623;&#x648;&#x644;&#x649;.</subfield>
  </datafield>
  <datafield tag="264" ind1=" " ind2=" ">
    <subfield code="a">&#x628;&#x64A;&#x631;&#x648;&#x62A;&#x60C;</subfield>
    <subfield code="b">&#x62F;&#x627;&#x631; &#x627;&#x628;&#x646; &#x62D;&#x632;&#x645;:</subfield>
    <subfield code="c">1995.</subfield>
  </datafield>
  <datafield tag="300" ind1=" " ind2=" ">
    <subfield code="a">590 &#x635;&#x641;&#x62D;&#x629; .</subfield>
    <subfield code="c">24 &#x633;&#x645;.</subfield>
  </datafield>
  <datafield tag="502" ind1=" " ind2=" ">
    <subfield code="a">&#x627;&#x644;&#x627;&#x635;&#x644; &#x623;&#x637;&#x631;&#x648;&#x62D;&#x629; (&#x645;&#x627;&#x62C;&#x633;&#x62A;&#x64A;&#x631;)-&#x62C;&#x627;&#x645;&#x639;&#x629; &#x623;&#x645; &#x627;&#x644;&#x642;&#x631;&#x649;&#x60C; &#x643;&#x644;&#x64A;&#x629; &#x627;&#x644;&#x62F;&#x639;&#x648;&#x629;&#x60C; &#x642;&#x633;&#x645; &#x627;&#x644;&#x639;&#x642;&#x64A;&#x62F;&#x629;&#x60C; 1994.</subfield>
  </datafield>
  <datafield tag="530" ind1=" " ind2=" ">
    <subfield code="a">&#x645;&#x62A;&#x627;&#x62D;&#x629; &#x646;&#x633;&#x62E;&#x629; &#x639;&#x644;&#x649; &#x634;&#x643;&#x644; &#x645;&#x637;&#x628;&#x648;&#x639;.</subfield>
  </datafield>
  <datafield tag="650" ind1=" " ind2="7">
    <subfield code="a">&#x627;&#x644;&#x625;&#x633;&#x644;&#x627;&#x645;</subfield>
    <subfield code="x">&#x62D;&#x631;&#x643;&#x627;&#x62A; &#x627;&#x644;&#x625;&#x62D;&#x64A;&#x627;&#x621; &#x648;&#x627;&#x644;&#x625;&#x635;&#x644;&#x627;&#x62D; &#x648;&#x627;&#x644;&#x62A;&#x62C;&#x62F;&#x64A;&#x62F;</subfield>
    <subfield code="v">&#x623;&#x642;&#x631;&#x627;&#x635; &#x645;&#x62F;&#x645;&#x62C;&#x629;</subfield>
    <subfield code="2">aucsh</subfield>
  </datafield>
  <datafield tag="650" ind1=" " ind2="7">
    <subfield code="a">&#x627;&#x644;&#x62F;&#x639;&#x648;&#x629; &#x627;&#x644;&#x625;&#x633;&#x644;&#x627;&#x645;&#x64A;&#x629;</subfield>
    <subfield code="v">&#x623;&#x642;&#x631;&#x627;&#x635; &#x645;&#x62F;&#x645;&#x62C;&#x629;</subfield>
    <subfield code="2">aucsh</subfield>
  </datafield>
  <datafield tag="651" ind1=" " ind2="7">
    <subfield code="a">&#x645;&#x648;&#x631;&#x64A;&#x62A;&#x627;&#x646;&#x64A;&#x627;</subfield>
    <subfield code="x">&#x62A;&#x627;&#x631;&#x64A;&#x62E;</subfield>
    <subfield code="v">&#x623;&#x642;&#x631;&#x627;&#x635; &#x645;&#x62F;&#x645;&#x62C;&#x629;</subfield>
    <subfield code="2">aucsh</subfield>
  </datafield>
  <datafield tag="942" ind1=" " ind2=" ">
    <subfield code="2">ddc</subfield>
    <subfield code="c">BOOK</subfield>
    <subfield code="n">0</subfield>
  </datafield>
  <datafield tag="949" ind1=" " ind2=" ">
    <subfield code="a">SA-JeALM</subfield>
    <subfield code="d">250205</subfield>
    <subfield code="u">osman123</subfield>
    <subfield code="n">1</subfield>
  </datafield>
  <datafield tag="952" ind1=" " ind2=" ">
    <subfield code="0">0</subfield>
    <subfield code="1">0</subfield>
    <subfield code="2">ddc</subfield>
    <subfield code="4">0</subfield>
    <subfield code="7">0</subfield>
    <subfield code="a">WAHAB</subfield>
    <subfield code="b">WAHAB</subfield>
    <subfield code="d">2025-02-08</subfield>
    <subfield code="l">0</subfield>
    <subfield code="o">217.09 &#x62C; &#x643; &#x646;</subfield>
    <subfield code="p">000009156</subfield>
    <subfield code="r">2025-02-08 07:20:45</subfield>
    <subfield code="w">2025-02-08</subfield>
    <subfield code="y">BOOK</subfield>
  </datafield>
  <datafield tag="952" ind1=" " ind2=" ">
    <subfield code="0">0</subfield>
    <subfield code="1">0</subfield>
    <subfield code="2">ddc</subfield>
    <subfield code="4">0</subfield>
    <subfield code="7">0</subfield>
    <subfield code="a">WAHAB</subfield>
    <subfield code="b">WAHAB</subfield>
    <subfield code="d">2025-06-02</subfield>
    <subfield code="l">0</subfield>
    <subfield code="o">217.09 &#x62C; &#x643; &#x646;</subfield>
    <subfield code="p">000013872</subfield>
    <subfield code="r">2025-06-02 07:32:04</subfield>
    <subfield code="w">2025-06-02</subfield>
    <subfield code="y">BOOK</subfield>
  </datafield>
  <datafield tag="999" ind1=" " ind2=" ">
    <subfield code="c">5732</subfield>
    <subfield code="d">5732</subfield>
  </datafield>
</record>
